000 00731nam a22002657a 4500
003 CHAP
005 20220329140543.0
008 971013s1962 r 00010 d
010 _a53827
011 _a54799
035 _a58951
040 _cCHAP
082 _a633.2
_bW48
100 0 0 _aWhyte, Robert Orr.
_9121801
245 _aGreen crops drying
260 _aLondon :
_bFaber and Faber,
_c1962
300 _a328 p.
_b: ilus.
590 _aBATCH-UPD
_b10
_c20130110
_lUCH01
_h0827
590 _aCONVERSION
_b10
_c20130109
_lUCH01
_h1329
650 1 4 _aPlantas forrajeras
_xSecado.
_988982
700 0 _aYeo, M. L.
_9123072
901 _aBK
942 _cLIBRO
949 _a633.2 W48
_bBC
_cLIBRO
_d-127707
_eLIBRO
_h22661
_i58951
_si
999 _c53827
_d53827